Catálogo

AMOR Y SACRIFICIO : (Registro nro. 33218)

Detalles MARC
000 -LEADER
fixed length control field 00503nam a2200181 a 4500
001 - CONTROL NUMBER
control field 33218
005 - DATE AND TIME OF LATEST TRANSACTION
control field 20180714001109.0
008 - FIXED-LENGTH DATA ELEMENTS--GENERAL INFORMATION
fixed length control field 140415s1992 000 0 spa d
020 ## - INTERNATIONAL STANDARD BOOK NUMBER
International Standard Book Number 284024019X
041 ## - LANGUAGE CODE
Language code of text/sound track or separate title spa
082 ## - DEWEY DECIMAL CLASSIFICATION NUMBER
Classification number 291.34
Item number TER
100 1# - MAIN ENTRY--PERSONAL NAME
Personal name TERESA
245 10 - TITLE STATEMENT
Title AMOR Y SACRIFICIO :
Remainder of title ¨COMPLICES SECRETOS?
260 ## - PUBLICATION, DISTRIBUTION, ETC.
Place of publication, distribution, etc. [s.l.] :
Name of publisher, distributor, etc. PUBLICACIONES KERYGMA,
Date of publication, distribution, etc. 1992
300 ## - PHYSICAL DESCRIPTION
Extent 49
490 ## - SERIES STATEMENT
Series statement VIDA EN EL ESPIRITU
Volume/sequential designation 5, SERIE PEQUEÑOS TRATADOS...
650 14 - SUBJECT ADDED ENTRY--TOPICAL TERM
Topical term or geographic name entry element SACRIFICIOS
Existencias
Withdrawn status Lost status Source of classification or shelving scheme Damaged status Not for loan Collection code Home library Current library Shelving location Date acquired Source of acquisition Total Checkouts Full call number Barcode Price effective from Koha item type
    Dewey Decimal Classification   Consulta en sala Referencia Biblioteca Karol Wojtyla Biblioteca Karol Wojtyla Referencia 03/12/2013 Compra   291.34 TER 50821 10/07/2018 Folleto